Comuni della Provincia di Massa-Carrara - Statistics

Statistiche generali
  • Questo quiz è stato fatto 36 volte
  • Il punteggio medio è 10 su 17
Statistiche sulle risposte
Comune % Corretto
Carrara
100%
Massa
96%
Pontremoli
93%
Aulla
85%
Fivizzano
67%
Montignoso
67%
Zeri
59%
Fosdinovo
52%
Mulazzo
52%
Villafranca in Lunigiana
52%
Licciana Nardi
48%
Tresana
44%
Bagnone
41%
Comano
41%
Filattiera
37%
Podenzana
37%
Casola in Lunigiana
33%
Nessun quiz corrispondente trovato
Distribuzione punteggi
Percentuale di utenti per punteggio
Percentile per numero di risposta
I tuoi punteggi nel tempo
Non hai fatto questo quiz